00932nam a2200253 a 450000100060000000300080000600500170001400800410003103500190007204000270009104100080011808200280012610000360015424500660019026000990025630000290035549000240038450400270040865000410043583000320047694200120050899900170052095201410053761735BD-RjUL20211209081009.0170121s1972 be b b 000 0 eng  a(BD-RjUL)61859 aDLCcDLCdBD-RjULbeng aeng a342.49303223bSER 19721 aSenelle, Robert,d1918-918383814aThe revision of the Constitution 1967-1971 /cRobert Senelle. aBrussels :bMinistry of Foreign Affairs, External Trade and Cooperation in Development,c1972. a248 p. :bill. ;c22 cm.1 aMemo from Belgium ; aIncludes bibliography  0aConstitutional lawzBelgium.9183839 0aMemo from Belgium ;9188528 2ddccBK c61735d61735 00102ddc40718NFICaRUCLbRUCLcReadingd2008-05-25eAsia foundationl0o342.49303 SER 1972r2017-01-21 00:00:00tC-1w2021-12-09yBK